Guerras de Colombia - Estadísticas

Estadísticas generales
  • Esta prueba ha sido intentada 6 veces
  • La puntuación promedio es 6 de 18
Estadísticas de respuestas
Periodo Conflicto % Correcto
1810-1825 Guerra de Independencia
100%
1950-1953 Guerra de Corea
67%
1943-1945 Segunda Guerra Mundial
67%
1899-1902 Guerra de los Mil Días
50%
1960- Conflicto Armado Interno
33%
1863 Guerra colombo-ecuatoriana
33%
1932-1933 Guerra colombo-peruana / Conflicto de Leticia
33%
1948-1958 La Violencia
33%
1851 Guerra civil de 1851
17%
1854 Guerra civil de 1854 / Revolución de 1854
17%
1884-1885 Guerra civil de 1884-1885
17%
1895 Guerra civil de 1895
17%
1812-1814 Guerra civil entre centralistas y federalistas
17%
1876-1877 Guerra de las Escuelas
17%
1860-1862 Guerra de las Soberanías / Guerra Magna
17%
1832 Guerra del Cauca
17%
1839-1842 Guerra de los Supremos / Guerra de los Conventos
17%
1828-1829 Guerra grancolombo-peruana
17%
No se encontraron pruebas coincidentes
Distribución de puntuación
Porcentaje de gente con cada puntuación
Porcentaje por número respondido
Historial de tus puntuaciones
No has intentado esta prueba.